| 000 | 01388cam a2200385 a 4500 | ||
|---|---|---|---|
| 999 |
_c27996 _d27967 |
||
| 001 | 16021292 | ||
| 003 | EG-ScBUE | ||
| 005 | 20200210091443.0 | ||
| 008 | 091214t2011 maua f b 001 0 eng d | ||
| 020 | _a9780205791224 (alk. paper) | ||
| 020 | _a0205791220 (alk. paper) | ||
| 035 | _a(OCoLC)ocn462909921 | ||
| 040 |
_aDLC _beng _erda _cDLC _dYDX _dYDXCP _dBWX _dCDX _dUKMGB _dDLC _dEG-ScBUE |
||
| 043 | _an-us--- | ||
| 082 | 0 | 4 |
_a327.73 _bHAS _222 |
| 100 | 1 |
_aHastedt, Glenn P., _d1950- _eauthor. |
|
| 245 | 1 | 0 |
_aAmerican foreign policy / _cGlenn P. Hastedt, James Madison University. |
| 250 | _aEighth edition. | ||
| 264 | 1 |
_aBoston : _bPearson Education, _c[2011] |
|
| 264 | 4 | _cc2011 | |
| 300 |
_axviii, 398 pages : _billustrations ; _c23 cm |
||
| 336 |
_2rdacontent _atext _btxt |
||
| 337 |
_2rdamedia _aunmediated _bn |
||
| 338 |
_2rdacarrier _avolume _bnc |
||
| 500 | _aIncludes glossary. | ||
| 504 | _aIncludes bibliographical references and index. | ||
| 651 | 7 |
_aUnited States _xForeign relations _y1945-1989. _2BUEsh |
|
| 651 | 7 |
_aUnited States _xForeign relations _y1989- _2BUEsh |
|
| 653 |
_bBUSBOL _cFebruary2020 |
||
| 655 | _vReading book | ||
| 906 |
_a7 _bcbc _corignew _d1 _eecip _f20 _gy-gencatlg |
||
| 942 |
_2ddc _cBB |
||